Kinh tế học vi mô = Principles of microeconomics

Cung cấp cho người đọc các kiến thức khá toàn diện và chuyên sâu về các nguyên lý kinh tế học như các lý thuyết cổ điển, các lý thuyết về phát triển: nền kinh tế trong dài hạn, các lý thuyết về vòng tròn kinh tế: nền kinh tế trong ngắ...

Descrición completa

Gardado en:
Detalles Bibliográficos
Autor Principal: Mankiw, N. Gregory
Formato: Libro
Idioma:Vietnamese
Publicado: New Tech Park, Singapore Cengage Learning Asia 2014
Những chủ đề:
Các nhãn: Engadir etiqueta
Sen Etiquetas, Sexa o primeiro en etiquetar este rexistro!
Thư viện lưu trữ: Thư viện Trường Đại học Nam Cần Thơ
LEADER 01124nam a22001937a 4500
001 NCT_64805
008 190619b xxu||||| |||| 00| 0 vie d
999 |c 3138  |d 3138 
020 |a 9789814609753  |c 268000 
082 0 4 |2 23rd ed.  |a 338.5  |b M266 
100 1 |a Mankiw, N. Gregory 
245 1 0 |a Kinh tế học vi mô =  |b Principles of microeconomics  |c N. Gregory Mankiw  
260 |a New Tech Park, Singapore  |b Cengage Learning Asia  |c 2014 
300 |a 557 tr.  |c 24cm 
520 |a  Cung cấp cho người đọc các kiến thức khá toàn diện và chuyên sâu về các nguyên lý kinh tế học như các lý thuyết cổ điển, các lý thuyết về phát triển: nền kinh tế trong dài hạn, các lý thuyết về vòng tròn kinh tế: nền kinh tế trong ngắn hạn,.... 
653 |a Quản trị kinh doanh 
942 |2 ddc  |c BK 
952 |0 0  |1 0  |2 ddc  |4 0  |6 338_500000000000000_M266  |7 0  |9 16942  |a 000001  |b 000001  |d 2019-06-19  |o 338.5 M266  |p MD.15681  |r 2019-06-19  |v 268000.00  |w 2019-06-19  |y BK 
980 |a Thư viện Trường Đại học Nam Cần Thơ